Bibliographie zum altagyptischen Totenbuch

Αποθηκεύτηκε σε:
Λεπτομέρειες βιβλιογραφικής εγγραφής
Κύριος συγγραφέας: Gulden, Svenja A.
Άλλοι συγγραφείς: Munro, Irmtraut
Μορφή: Βιβλίο
Γλώσσα:German
Δημοσίευση: Wiesbaden : Harrassowitz, 1998
Σειρά:Studien zum Altagyptischen Totenbuch ; ; 1
Θέματα:
Ετικέτες: Προσθήκη ετικέτας
Δεν υπάρχουν, Καταχωρήστε ετικέτα πρώτοι!

MARC

LEADER 00000nam a2200000 i 4500
001 1/70824
008 080117s1998 ger d
020 |a 3-447-04077-7 
035 |l 10093776 
040 |a GR-MY-UA  |b gre  |e aacr 
041 0 |a ger 
082 0 |a 016.29931  |2 (22) 
100 1 |a Gulden, Svenja A. 
245 1 0 |a Bibliographie zum altagyptischen Totenbuch /  |c Svenja A. Gulden und Irmtraut Munro ; unter mitarbeit von Christina Regner und Oliver Sutsch 
260 |a Wiesbaden :   |b Harrassowitz,   |c 1998 
300 |a x, 189 σ.;  |c 24 εκ. 
490 1 |a Studien zum altagyptischen Totenbuch  |v ; 1 
504 |a Περιλαμβάνει ευρετήριο 
651 0 |a Egypt  |x Antiquities  |x Bibliography. 
651 0 |a Egypt  |x Religious life and customs. 
700 1 |a Munro, Irmtraut. 
700 1 |a Regner, Christina.  |4 oth 
700 1 |a Sutsch, Oliver.  |4 oth 
830 0 |a Studien zum Altagyptischen Totenbuch ;  |v ; 1 
852 |a INST  |b RHODES  |e 20080117  |h 016.29931 GUL  |p 005400030251  |q 005400030251  |t BK  |y 0 
901 |a BIBL4-2008-1 
909 |a Ρ  |b 143430 
922 |a 4ΕΛΗ  |b 200712  |c ΕΠΕΑΕΚ2/ΤΜΣ  |d ΕΛΕΥΘΕΡΟΥΔΑΚΗΣ 
970 |a ΧΑΡΙΟΠΟΛΙΤΟΥ  |b ΚΩΝΣΤΑΝΤΙΝΑ  |z 2008/01/17